La prescripción extintiva: doctrina y jurisprudencia
Saved in:
| Main Author: | |
|---|---|
| Format: | Book |
| Language: | Spanish |
| Published: |
Santiago
Jurídica de Chile
2004
|
| Subjects: | |
| Tags: |
Add Tag
No Tags, Be the first to tag this record!
|
MARC
| LEADER | 00000nam a2200000 a 4500 | ||
|---|---|---|---|
| 001 | UCI2895 | ||
| 003 | CL-VaPUC | ||
| 008 | 070928e20040000CL |||||||||||||||||spa|d | ||
| 020 | |a 9561015528 | ||
| 082 | 0 | 4 | |a 346.8302 |b DOM |2 21 |
| 100 | |a Domínguez Aguila, Ramón Horacio |e autor |9 620278 | ||
| 245 | 1 | 3 | |a La prescripción extintiva: doctrina y jurisprudencia |
| 300 | |a 435 p | ||
| 942 | |c BK | ||
| 945 | |d 20070928 00:00:00 |a jtorresc | ||
| 260 | |a Santiago |b Jurídica de Chile |c 2004 | ||
| 650 | 0 | |a Prescripción extintiva |9 384085 | |
| 650 | 0 | |a Jurisprudencia |9 255952 | |
| 650 | 7 | |a CADUCIDAD |2 CL-VaPUC |9 336605 | |
| 650 | 0 | |a Prescripción civil |9 383145 | |
| 650 | 7 | |a PRESCRIPCION LABORAL |2 CL-VaPUC |9 497748 | |
| 651 | 7 | |a CHILE |2 CL-VaPUC |9 524122 | |
| 583 | |a last modification |c 20070928 00:00:00 |k Rodrigo Vera | ||
| 999 | |c 327309 |d 327307 | ||
| 952 | |0 0 |1 0 |4 0 |6 346_830200000000000_DOM_2004 |7 0 |8 A |9 409985 |a BIBDER |b BIBDER |d 2019-11-22 |i 4373871 |l 1 |o 346.8302 DOM 2004 |p 4373871 |r 2024-08-20 |s 2024-08-20 |w 2019-11-22 |y BK |k DER | ||